00419nam a2200145Ia 450000300070000000500170000700800410002402000180006504000090008308200220009210000460011424500540016026000380021430000210025233001020250610120616.0210817s9999 xx 000 0 und d a9781431402625 c3228 a332.02400968 NDUM a NDUMO, Phumelele Auckland Park, 2011  0aFrom Debt to Riches : Steps to Financial Success  aAuckland ParkbJacana Mediac2011 a220 pagesc23 cm